000 00514nam a22001577a 4500
005 2012021408108.0
020 _a0070594902
_c000.00
035 _aB-147438
037 _aDPL
_bENG
100 _aWolfe,Paul
_942055
245 _aAnti Spam Tool Kit/
_cby Paul Wolfe
260 _aNew Delhi
_bTata Mc Graw Hill
_c2004
300 _aXX, 426p.(pbk)
_c22 cms.
942 _2ddc
_cEN
_h005.8
_mWOL
999 _c62819
_d62819